| 000 | 01282cam a2200349 a 4500 | ||
|---|---|---|---|
| 999 |
_c3193 _d3193 |
||
| 001 | (Sirsi) a642731 | ||
| 003 | OSt | ||
| 005 | 20231101100847.0 | ||
| 008 | 100927s2010 nyu c 000 1 eng | ||
| 010 | _a2009039508 | ||
| 020 | _a9781416980087 (hard : alk. paper) : | ||
| 040 |
_aDLC _cDLC _dBTCTA _dWIQ _dTAE _dKH8 |
||
| 042 | _anbic | ||
| 082 | 0 | _aFIC RUS | |
| 100 | 1 |
_aRussell, Rachel Renee. _eAuthor |
|
| 245 | 1 | 0 |
_aTales from a not-so-popular party girl / _cby Rachel Renee Russell. |
| 246 | 3 |
_aDork diaries : _bTales from a not-so-popular party girl. |
|
| 250 | _a1st Aladdin hardcover ed. | ||
| 260 |
_aNew York : _bAladdin, _c2010. |
||
| 300 |
_a279 p. : _bill. ; _c21 cm. |
||
| 490 | 0 | _aDork diaries. | |
| 520 | _aNikki's diary describes a frightful Halloween, on which she helps with her sister's ballet class party at the same time she is Brandon's date for their middle school Halloween dance, where she has promised to spend the evening with her two best friends. | ||
| 521 | 1 | _a9-12. | |
| 650 | 1 |
_aParties _vFiction. |
|
| 650 | 1 |
_aHalloween _vFiction. |
|
| 650 | 1 |
_aFriendship _vFiction. |
|
| 650 | 1 |
_aPopularity _vFiction. |
|
| 650 | 1 |
_aMiddle schools _vFiction. |
|
| 650 | 1 |
_aSchools _vFiction. |
|
| 650 | 1 |
_aDiaries _vFiction. |
|
| 942 |
_2ddc _cFIC |
||